[Event "It (open)"]
[Site "masterchessopen.com Kavala (Greece)"]
[Date "2004.08.01"]
[Round "3"]
[White "Logothetis Sotirios (GRE)"]
[Black "Jeremic Veljko (SRB)"]
[Result "0-1"]
[WhiteElo "2267"]
[BlackElo "2529"]

1.Nf3 Nf6 2.c4 g6 3.Nc3 d5 4.d4 Bg7 5.Bg5 Ne4 6.Bh4 Nxc3 7.bxc3 c5 8.cxd5 Qxd5
9.e3 Nc6 10.Be2 O-O 11.O-O cxd4 12.cxd4 Bf5 13.Nd2 Rac8 14.Bf3 Qd7 15.Nb3 Qd6
16.Rc1 e5 17.Bg3 Qa3 18.dxe5 Nxe5 19.Bxb7 Rcd8 20.Nd4 Qxa2 21.Ra1 Qb2 22.Rxa7
Rd7 23.Ra5 Nc4 24.Rb5 Rxd4 25.Qa4 Nxe3 26.Qa5 Qxb5 27.Qxb5 Nxf1 28.Qxf1 Ra4
{#R} 0-1

[Event "Ch Wuerttemberg"]
[Site "masterchessopen.com Stuttgart (Germany)"]
[Date "2004.09.05"]
[Round "9"]
[White "Holzinger Eugen (GER)"]
[Black "Wohlfahrt Rainer (GER)"]
[Result "0-1"]
[WhiteElo "2174"]
[BlackElo "2126"]

1.Nf3 g6 2.d4 Bg7 3.c4 Nf6 4.Nc3 d5 5.Bg5 Ne4 6.Bf4 Nxc3 7.bxc3 c6 8.e3 Qa5
9.Qb3 O-O 10.Bd3 Nd7 11.O-O dxc4 12.Bxc4 Nb6 13.Bc7 Bg4 14.Bxb6 axb6 15.Nd2 b5
16.Bd3 Be6 17.Qb2 Qa3 18.Rfb1 Bxa2 19.Nb3 e5 20.Nc5 exd4 21.exd4 Qxb2 22.Rxb2
Bd5 23.Rab1 Ra3 24.Rc2 Rfa8 25.h3 Ra1 26.Rxa1 Rxa1+ 27.Kh2 Bh6 28.Nxb7 Bf4+
{#R} 0-1

[Event "Ch Croatia (team) (1st league)"]
[Site "masterchessopen.com Rabac (Croatia)"]
[Date "2004.09.13"]
[Round "9"]
[White "Muslija Idris (CRO)"]
[Black "Berebora Ferenc (HUN)"]
[Result "0-1"]
[WhiteElo "2204"]
[BlackElo "2397"]

1.d4 Nf6 2.c4 g6 3.Nc3 d5 4.Nf3 Bg7 5.Bg5 dxc4 6.e3 Be6 7.Ne5 Nd5 8.Nxc4 c5
9.Qa4+ Nc6 10.Nxd5 Qxd5 11.Bf4 O-O 12.Nd2 cxd4 13.e4 Qc5 14.Bd3 Nb4 15.Qa3
Nc2+ 16.Bxc2 Qxa3 17.bxa3 d3 18.e5 dxc2 19.O-O Rac8 20.Rfc1 Rfd8 21.Re1 g5
22.Bxg5 Bxe5 23.Rac1 Bb2 24.a4 Bxc1 25.Rxc1 f6 26.Bh6 Rd4 {#R} 0-1

[Event "It (young masters)"]
[Site "masterchessopen.com Winterthur (Switzerland)"]
[Date "2004.10.01"]
[Round "1"]
[White "Bucher Michael (SUI)"]
[Black "Papa Severin (SUI)"]
[Result "0-1"]
[WhiteElo "2213"]
[BlackElo "2411"]

1.d4 Nf6 2.Nf3 g6 3.c4 Bg7 4.Nc3 d5 5.Bg5 dxc4 6.e3 Be6 7.Ne5 Nd5 8.Nxc4 c5
9.Qa4+ Nc6 10.Ne5 O-O 11.Nxc6 bxc6 12.Be2 cxd4 13.exd4 Qb6 14.O-O Qxb2 15.Nxd5
Bxd5 16.Ba6 Qxd4 17.Qxd4 Bxd4 18.Bxe7 Rfe8 19.Rad1 Bxf2+ 20.Rxf2 Rxe7 21.Rc1
Rae8 22.Kf1 Re4 23.Rb2 Rf4+ 24.Kg1 Ra4 {#R} 0-1

[Event "It (open)"]
[Site "masterchessopen.com Boeblingen (Germany)"]
[Date "2004.12.26"]
[Round "1"]
[White "Siebrecht Sebastian (GER)"]
[Black "Mueller Wolfgang (GER)"]
[Result "1-0"]
[WhiteElo "2366"]
[BlackElo "1960"]

1.d4 Nf6 2.Nf3 g6 3.c4 Bg7 4.Nc3 d5 5.Bg5 Ne4 6.Bh4 Nxc3 7.bxc3 O-O 8.cxd5
Qxd5 9.Bxe7 Re8 10.Bh4 c5 11.e3 cxd4 12.cxd4 Bg4 13.Be2 Nc6 14.O-O Qe4 15.Bg3
Rad8 16.h3 Nxd4 17.exd4 Rxd4 18.Nxd4 Bxe2 19.Qxe2 Qxe2 20.Nxe2 Bxa1 21.Rxa1
Rxe2 22.a4 {#r} 1-0

[Event "It (open) Aeroflot"]
[Site "masterchessopen.com Moscow (Russia)"]
[Date "2005.02.16"]
[Round "2"]
[White "Kuzubov Yuriy (UKR)"]
[Black "Eljanov Pavel (UKR)"]
[Result "0-1"]
[WhiteElo "2541"]
[BlackElo "2663"]

{ Kuzubov Yuriy (UKR) +1 =1 -2 Eljanov Pavel (UKR) +3 =5 -0 } 1.d4 Nf6 2.c4 g6
3.Nc3 d5 4.Nf3 Bg7 5.Bg5 Ne4 6.cxd5 Nxg5 7.Nxg5 e6 8.Qd2 ( 8.Nh3 exd5 9.Nf4 c6
10.e3 O-O 11.Be2 Qd6 12.O-O Nd7 13.a3 a5 14.Nd3 b6 15.Rc1 Ba6 16.Qc2 Rfc8
17.Rfd1 Bh6 18.Ne1 Bb7 19.Qd2 Rd8 20.Na4 Qe7 21.Nf3 c5 22.Bb5 cxd4 23.Nxd4 Nc5
24.Nxc5 bxc5 25.Nc6 Bxc6 26.Bxc6 Ra7 27.Qc2 d4 { ...1/2-1/2, Kuzubov Yuriy
2530 - Sai Srinivas 2237 , Heraklio 13.11.2004 Ch World (juniors) (under 14) }
) 8...h6 9.Nh3 { = } 9...exd5 10.Qe3+ Kf8 11.Nf4 c5 12.dxc5 d4 13.Qd2 Nc6 (
13...Na6 14.e3 Bf5 ( 14...Nxc5 15.Nb5 Qe7 16.Nxd4 Ne4 17.Nd5 Nxd2 18.Nxe7 Nxf1
19.Nd5 { +0.04 CAP } ) 15.Rd1 ( 15.exd4 Qxd4 16.Bxa6 bxa6 17.O-O-O Qxc5 18.Qd5
Qxd5 19.Nfxd5 Rc8 20.Rhe1 h5 21.f4 Be6 22.Re4 h4 23.Kd2 Rh5 24.Ke3 Rc5 25.Nb4
Bxc3 26.bxc3 Rxc3+ 27.Rd3 Rhc5 28.Rxc3 Rxc3+ 29.Kd4 Rc1 30.a3 a5 31.Nd3 Rc2
32.Ne1 Ra2 33.Re3 { ...0-1, Damaso Rui 2399 - Avrukh Boris 2588 , Algarve 1999
Cup European Club } ) 15...dxc3 16.Qxd8+ Rxd8 17.Rxd8+ Ke7 18.Rxh8 cxb2
19.Nd5+ Ke6 20.Nf4+ Ke7 21.Nd5+ Ke6 { 1/2-1/2, Markus Robert 2465 - Eljanov
Pavel 2487 , Balatonlelle 2000 Ch Europe (team) (juniors) (under 18) } )
14.Ne4 { ^00 ^01 ^00 ^00 ^00 ^02 g5 ^00 ^00 ^00 ^01 ^00 ^02 g5 ^254 ^00 ^00
^00 ^128 } ( 14.Nb5 Qe7 15.Rc1 Bf5 16.Nd6 Be4 17.h4 Rd8 18.Rh3 Bf6 19.Rb3 Rd7
20.g3 g5 21.Nxe4 Qxe4 22.Bg2 Qe5 23.Nd3 Qe7 24.h5 Kg7 25.Kf1 Re8 26.Nb4 Nxb4
27.Rxb4 Rc8 28.Rbc4 Rdc7 29.b4 Qe6 30.Qd3 Qg4 31.Bf3 Qh3+ 32.Kg1 Qe6 33.R4c2
g4 { ...1-0, Kekki Petri 2378 - Ebeling Mika 2365 , Helsinki 1992 Ch Finland }
) 14...g5 { N ^254 ^00 ^00 ^00 ^04 ! } ( 14...Be5 15.Nd3 ( 15.g3 Bc7 16.O-O-O
g5 17.Nd3 Qd5 18.Bg2 Qxa2 19.Qc2 Bf5 20.b3 Qa3+ 21.Qb2 Qa6 22.Kb1 Re8 23.f3
Be5 24.Qa2 Qb5 25.Qa4 Qxa4 26.bxa4 Kg7 27.Kc2 Bd7 28.Rb1 Na5 29.Rb4 f5 30.Nef2
Bf6 31.Kd2 Re7 32.Rhb1 Rhe8 33.Bf1 Be6 34.Nd1 { ...0-1, Ocampo Raul 2293 -
Najdorf Miguel 2445 , Buenos Aires 1968 } ) 15...Bc7 16.g3 Qd5 17.f3 Kg7 (
17...Bf5 18.Bg2 Kg7 19.O-O a5 20.Nf4 Qd7 21.Nd6 Bxd6 22.cxd6 Rad8 23.e4 dxe3
24.Qc3+ f6 25.Rad1 Rhe8 26.Rfe1 Qf7 27.a3 g5 28.Nd5 e2 29.Rd2 Bg6 30.Nc7 Re5
31.f4 gxf4 32.gxf4 Re4 33.Bxe4 Bxe4 34.Rexe2 { ...1-0, Schwalfenberg Joerg
2351 - Buchner Rudolf 2249 , Bad Woerishofen 2001 It (open) } ) 18.Bg2 Bf5
19.O-O Rhe8 20.b4 Rad8 21.a3 g5 22.Rad1 a6 23.Qb2 f6 24.Nxf6 Kxf6 25.e4 Qc4
26.exf5 Re3 27.Nf2 Kxf5 28.Ne4 Re2 29.Rd2 Rxd2 30.Qxd2 d3 31.f4 g4 32.Nf2 Rd4
33.Rd1 Qc2 34.Bf1 { ...1-0, Safyanovsky Mark 2382 - Gazi Mikulas 2145 ,
Bratislava 1993 It (open) "Slovan" } ) 15.Nd3 { +0.18 CAP } 15...Qd5 16.Nd6
Be6 17.Rg1 { ? } ( { ? } 17.b4 a5 18.bxa5 Nxa5 19.Qb4 { } ) 17...Ne5 18.g3
Nxd3+ 19.exd3 Qxc5 20.Ne4 Qe7 21.Qe2 { ? } ( { ? } 21.g4 Rc8 22.f4 h5 23.h4 {
} ) 21...f5 22.Nd2 Re8 23.O-O-O Qc7+ 24.Kb1 Qf7 { } {#R} 0-1

[Event "It (open)"]
[Site "masterchessopen.com Agneaux (France)"]
[Date "2005.02.18"]
[Round "6"]
[White "Amoyal Pierre (FRA)"]
[Black "Caron S"]
[Result "1-0"]
[WhiteElo "2203"]
[BlackElo "2000"]

1.d4 Nf6 2.c4 g6 3.Nc3 d5 4.Nf3 Bg7 5.Bg5 Be6 6.Qb3 dxc4 7.Qxb7 Nbd7 8.d5 Bf5
9.Nd4 Be4 10.Nc6 Qc8 11.Qb4 {#r} 1-0

[Event "Bayern Regionalliga Southeast 2004/05"]
[Site "masterchessopen.com Bayern (Germany)"]
[Date "2005.03.13"]
[Round "8"]
[White "Nikolac Juraj (CRO)"]
[Black "Seisenberger Georg"]
[Result "1-0"]
[WhiteElo "2416"]
[BlackElo "2009"]

1.Nf3 Nf6 2.d4 g6 3.c4 Bg7 4.Nc3 d5 5.Bg5 Ne4 6.Bh4 Nxc3 7.bxc3 c5 8.e3 Nc6
9.cxd5 Qxd5 10.Be2 cxd4 11.cxd4 O-O 12.O-O Re8 13.Qa4 Bd7 14.Qa3 Rac8 15.Rac1
Qd6 16.Qxd6 exd6 17.Bg3 Nxd4 18.Nxd4 Bxd4 19.Rxc8 Bxc8 20.Bb5 Re5 21.Bxe5 Bxe5
22.Rc1 Be6 23.Bc4 d5 24.Bb3 b6 25.Rd1 {#r} 1-0

[Event "It (open)"]
[Site "masterchessopen.com Umag (Croatia)"]
[Date "2005.03.22"]
[Round "2"]
[White "Hairlahovic Mujaga (BIH)"]
[Black "Vidic Miha (SLO)"]
[Result "1-0"]
[WhiteElo "2156"]
[BlackElo "1719"]

1.d4 Nf6 2.c4 g6 3.Nf3 d5 4.Nc3 Bg7 5.Bg5 c6 6.e3 O-O 7.Be2 Bf5 8.Bxf6 Bxf6
9.cxd5 cxd5 10.Qb3 Be4 11.Qxb7 Nd7 12.Nxe4 dxe4 13.Qxe4 Qa5+ 14.Nd2 Rab8 15.b3
Rfc8 16.Bg4 e6 17.Bxe6 fxe6 18.Qxe6+ Kh8 19.Qxd7 Rc2 20.Rd1 Rbc8 21.O-O Rd8
22.Qe6 Kg7 23.Ne4 Rf8 24.Rc1 Rxa2 25.b4 Qb6 26.Qxa2 {#r} 1-0

[Event "It (open)"]
[Site "masterchessopen.com Oslo (Norway)"]
[Date "2005.03.25"]
[Round "7"]
[White "Harstad Christian (NOR)"]
[Black "Andersen Harry (NOR)"]
[Result "1-0"]
[WhiteElo "2078"]
[BlackElo "1891"]

1.d4 Nf6 2.c4 g6 3.Nc3 d5 4.Nf3 Bg7 5.Bg5 Ne4 6.cxd5 Nxc3 7.bxc3 Qxd5 8.Bf4
Qa5 9.Qd2 c5 10.e3 O-O 11.Be2 Nc6 12.Rb1 a6 13.O-O Rd8 14.Qb2 b5 15.a4 Bf5
16.axb5 Bxb1 17.bxc6 Qa2 18.Rxb1 Qxb2 19.Rxb2 e5 20.Nxe5 a5 21.c7 Rdc8 22.Nc6
{#r} 1-0

[Event "Ch Berlin (qual)"]
[Site "masterchessopen.com Berlin (Germany)"]
[Date "2005.03.28"]
[Round "3"]
[White "Platzek Janine (GER)"]
[Black "Boettcher Patrick (GER)"]
[Result "0-1"]
[WhiteElo "2064"]
[BlackElo "2161"]

1.Nf3 Nf6 2.d4 g6 3.c4 Bg7 4.Nc3 d5 5.Bg5 Ne4 6.Bf4 Nxc3 7.bxc3 c5 8.cxd5 Qxd5
9.e3 Nc6 10.Be2 cxd4 11.cxd4 O-O 12.O-O Rd8 13.Qa4 Bd7 14.Bc4 Qh5 15.Ng5 Nxd4
16.Bxf7+ Kf8 17.Qc4 Rac8 18.exd4 Rxc4 19.Bxc4 Bf6 20.Nf3 Bc6 21.Ne5 Rxd4
22.Rac1 Bxe5 {#R} 0-1

[Event "Ch European Union"]
[Site "masterchessopen.com Cork (Ireland)"]
[Round "10"]
[White "Palliser Richard (ENG)"]
[Black "Howell David WL (ENG)"]
[Result "0-1"]
[WhiteElo "2389"]
[BlackElo "2475"]

1.d4 Nf6 2.c4 g6 3.Nc3 d5 4.Nf3 Bg7 5.Bg5 Ne4 6.cxd5 Nxg5 7.Nxg5 e6 8.Nf3 exd5
9.b4 O-O 10.e3 Qd6 11.Qb3 Be6 12.Bd3 c6 13.O-O Nd7 14.h3 a5 15.b5 c5 16.Qa3
Qc7 17.Rac1 c4 18.Bb1 Rfd8 19.Ng5 Nb6 20.f4 Re8 21.f5 gxf5 22.Bxf5 Bxf5
23.Rxf5 Rxe3 24.Rd1 Rae8 25.Rff1 Qg3 26.Nf3 Rxc3 27.Qxc3 Re2 {#R} 0-1

[Event "Cup North Sea (open)"]
[Site "masterchessopen.com Esbjerg (Denmark)"]
[Date "2005.07.03"]
[Round "2"]
[White "Hoi Carsten (DEN)"]
[Black "Hornsgaard Jens Boe (DEN)"]
[Result "1-0"]
[WhiteElo "2378"]
[BlackElo "2076"]

1.d4 Nf6 2.Nf3 g6 3.c4 Bg7 4.Nc3 d5 5.Bg5 Ne4 6.Bh4 Nxc3 7.bxc3 c5 8.cxd5 Qxd5
9.e3 Nc6 10.Be2 O-O 11.O-O Bf5 12.Qb3 Qxb3 13.axb3 cxd4 14.exd4 e6 15.Nd2 h5
16.h3 Bh6 17.Nc4 Bf4 18.Bf6 Rfc8 19.g3 Bc7 20.g4 hxg4 21.hxg4 Bc2 22.b4 Bd8
23.Bxd8 Rxd8 24.b5 Ne7 25.Ne3 Bb3 26.Ra3 {#r} 1-0

[Event "It (open)"]
[Site "masterchessopen.com Vlissingen (Netherlands)"]
[Date "2005.08.09"]
[Round "4"]
[White "Haak Eelco (NED)"]
[Black "Aangeenbrug Hans (NED)"]
[Result "1-0"]
[WhiteElo "2189"]
[BlackElo "2155"]

1.d4 Nf6 2.Nf3 g6 3.c4 Bg7 4.Nc3 d5 5.Bg5 Ne4 6.h4 Nxc3 7.bxc3 c5 8.e3 Nc6
9.h5 gxh5 10.Qb3 dxc4 11.Bxc4 O-O 12.Rxh5 Na5 13.Qc2 {#r} 1-0

[Event "It (open)"]
[Site "masterchessopen.com Nikea (Greece)"]
[Date "2005.08.24"]
[Round "3"]
[White "Goritsas Christos (GRE)"]
[Black "Filippas Sebastian (GRE)"]
[Result "1-0"]
[WhiteElo "2278"]
[BlackElo "1951"]

1.d4 Nf6 2.c4 g6 3.Nc3 d5 4.Nf3 Bg7 5.Bg5 Ne4 6.cxd5 Nxg5 7.Nxg5 e6 8.Nf3 exd5
9.b4 O-O 10.e3 b6 11.b5 a6 12.a4 Qd6 13.Rb1 axb5 14.axb5 Bf5 15.g3 Re8 16.Bg2
Nd7 17.O-O Nf6 18.Qb3 Ra3 19.Qb2 Ne4 20.Nxd5 Be6 21.Nxc7 Qxc7 22.Qxa3 Bf8
23.Rfc1 {#r} 1-0

[Event "It (open)"]
[Site "masterchessopen.com Kuala Lumpur (Malaysia)"]
[Date "2005.08.26"]
[Round "11"]
[White "Dotsenko Viacheslav (RUS)"]
[Black "Zhang Jilin (CHN)"]
[Result "0-1"]
[WhiteElo "2059"]
[BlackElo "2334"]

1.Nf3 Nf6 2.d4 g6 3.c4 d5 4.Nc3 Bg7 5.Bg5 Ne4 6.cxd5 Nxg5 7.Nxg5 e6 8.Nf3 exd5
9.e3 O-O 10.Be2 c6 11.O-O Bf5 12.b4 Qd6 13.Qb3 Nd7 14.a4 Rfe8 15.Rfe1 a5 16.b5
Qb4 17.Qa3 Bf8 18.Qc1 Rec8 19.Qd2 Nb6 20.bxc6 Rxc6 21.Nb5 Rc2 22.Qd1 Nxa4
23.Rxa4 Qxa4 24.g4 Bxg4 25.Nc3 Qb3 26.Nxd5 Qxd5 {#R} 0-1

[Event "Ch Bulgaria (team)"]
[Site "masterchessopen.com Sunny Beach (Bulgaria)"]
[Date "2005.09.26"]
[Round "1"]
[White "Dobrev Nanko (BUL)"]
[Black "Lalev Dimitar (BUL)"]
[Result "0-1"]
[WhiteElo "2396"]
[BlackElo "2412"]

1.d4 Nf6 2.Nf3 g6 3.c4 Bg7 4.Nc3 d5 5.Bg5 dxc4 6.e3 Be6 7.Ne5 Nd5 8.Bxc4 Nxc3
9.bxc3 Bxc4 10.Nxc4 Qd5 11.Ne5 Bxe5 12.dxe5 Qxg2 13.Qa4+ Nc6 {#R} 0-1

[Event "Ch Central Region (club)"]
[Site "masterchessopen.com Tula (Russia)"]
[Date "2005.11.26"]
[Round "2"]
[White "Gorodetsky Alexander (RUS)"]
[Black "Uzhva Andrey (RUS)"]
[Result "0-1"]
[WhiteElo "2082"]
[BlackElo "2237"]

1.d4 Nf6 2.c4 g6 3.Nc3 d5 4.Nf3 Bg7 5.Bg5 Ne4 6.cxd5 Nxg5 7.Nxg5 c6 8.e3 cxd5
9.Qf3 Bf6 10.Bb5+ Nc6 11.Nh3 e6 12.Nf4 Bd7 13.O-O O-O 14.h4 Bxh4 15.g3 Be7
16.Kg2 f5 17.Rh1 Qe8 18.Rh2 g5 19.Nfe2 Bd6 20.Qh5 Qe7 21.Rah1 Rf7 22.Ng1 Rg7
23.Qd1 Rf8 24.Bd3 Be8 25.Nge2 h5 26.Kg1 Bg6 {#R} 0-1

[Event "Bayern Regionalliga Southwest 2005/06"]
[Site "masterchessopen.com Bayern (Germany)"]
[Date "2005.11.27"]
[Round "3"]
[White "Schmidt Gerhard (GER)"]
[Black "Niebergall Gerhard (GER)"]
[Result "0-1"]
[WhiteElo "2078"]
[BlackElo "2139"]

1.d4 Nf6 2.c4 g6 3.Nc3 d5 4.Nf3 Bg7 5.Bg5 Ne4 6.cxd5 Nxg5 7.Nxg5 e6 8.Nf3 exd5
9.e3 O-O 10.Bd3 c5 11.dxc5 Qa5 12.O-O Qxc5 13.Rc1 Nc6 14.Nb5 Qb6 15.Qb3 Be6
16.Ng5 a6 17.Nc3 Qxb3 18.axb3 Nb4 19.Nxe6 fxe6 20.Be2 Rac8 21.Bg4 Kf7 22.e4 h5
23.Bh3 d4 24.Na4 d3 25.f4 Bd4+ 26.Kh1 Rxc1 27.Rxc1 d2 {#R} 0-1

[Event "Ch City (qual)"]
[Site "masterchessopen.com Rio de Janeiro (Brazil)"]
[Date "2006.01.07"]
[Round "1"]
[White "Maia Marco Aurelio Ferreira (BRA)"]
[Black "Von Buelow Georg (GER)"]
[Result "0-1"]
[WhiteElo "2177"]
[BlackElo "2364"]

1.d4 Nf6 2.c4 g6 3.Nc3 d5 4.Nf3 Bg7 5.Bg5 Ne4 6.cxd5 Nxg5 7.Nxg5 e6 8.Nf3 exd5
9.e3 a5 10.Bd3 O-O 11.Qc2 Be6 12.h4 h6 13.O-O-O Nd7 14.Rdg1 c5 15.g4 a4 16.a3
Qa5 17.h5 g5 18.Bh7+ Kh8 19.dxc5 Nxc5 20.Kb1 Rac8 21.Nd4 Nb3 22.Qd3 Rc4
23.Nce2 Nc5 24.Nxe6 Nxd3 25.Bxd3 fxe6 26.Bxc4 dxc4 {#R} 0-1

[Event "Ch Serbia"]
[Site "masterchessopen.com Vrnjacka Banja (Serbia)"]
[Date "2006.02.02"]
[Round "5"]
[White "Jovanovic Miroslav (SRB)"]
[Black "Jovanovic Milos (SRB)"]
[Result "0-1"]
[WhiteElo "2089"]
[BlackElo "2240"]

1.d4 Nf6 2.c4 g6 3.Nc3 d5 4.Nf3 Bg7 5.Bg5 Ne4 6.cxd5 Nxg5 7.Nxg5 e6 8.Qd2 h6
9.Nf3 exd5 10.Qe3+ Be6 11.Ne5 c5 12.Nf3 Nc6 13.Qd2 cxd4 14.Na4 Rc8 15.Nc5 O-O
16.g3 Na5 17.Nd3 Nc4 18.Qb4 Re8 19.b3 Bf8 20.Qa4 Bd7 21.Qxa7 Ra8 22.Qxd4 Bg7
23.Qxd5 Bc3+ 24.Kd1 Nb6 {#R} 0-1

[Event "Ch France (team) 2006"]
[Site "masterchessopen.com France"]
[Date "2006.04.02"]
[Round "7"]
[White "Siebrecht Sebastian (GER)"]
[Black "Schmitt Andre (FRA)"]
[Result "1-0"]
[WhiteElo "2463"]
[BlackElo "2297"]

1.d4 Nf6 2.Nf3 g6 3.c4 Bg7 4.Nc3 d5 5.Bg5 c5 6.dxc5 Qa5 7.Bxf6 Bxf6 8.cxd5 O-O
9.Nd2 Na6 10.Nde4 Bxc3+ 11.Nxc3 Nxc5 12.g3 Ne4 13.Qd4 Nxc3 14.bxc3 Bd7 15.Bg2
Rac8 16.Rc1 Qxa2 17.O-O Bb5 18.Rfe1 Rc4 19.Qe5 Qa3 20.d6 Bc6 21.Qxe7 Rxc3
22.Ra1 Qc5 23.Bxc6 Qxc6 24.d7 Qc7 25.Rxa7 Rc6 26.Rxb7 {#r} 1-0

[Event "It (open)"]
[Site "masterchessopen.com Southend (England)"]
[Date "2006.04.14"]
[Round "1"]
[White "Tozer Richard (ENG)"]
[Black "Giles Benjamin (NZL)"]
[Result "1-0"]
[WhiteElo "2301"]
[BlackElo "2031"]

1.d4 Nf6 2.c4 g6 3.Nc3 d5 4.Nf3 Bg7 5.Bg5 c6 6.e3 O-O 7.Qb3 e6 8.Be2 Nbd7
9.O-O Qb6 10.Rac1 Re8 11.Rfd1 Qxb3 12.axb3 b6 13.Nd2 Bb7 14.e4 e5 15.dxe5 Nxe4
16.Ndxe4 {#r} 1-0

[Event "Ch Germany (juniors) (under 14)"]
[Site "masterchessopen.com Willingen (Germany)"]
[Date "2006.06.06"]
[Round "5"]
[White "Strunski Andreas (GER)"]
[Black "Geske Julian (GER)"]
[Result "1-0"]
[WhiteElo "2181"]
[BlackElo "2148"]

1.d4 Nf6 2.c4 g6 3.Nc3 d5 4.Nf3 Bg7 5.Bg5 dxc4 6.e4 c5 7.d5 b5 8.e5 Ng4 9.d6
Nc6 10.Nd5 Be6 11.Nc7+ Kf8 12.dxe7+ Nxe7 13.Nxa8 Qxa8 14.Qd6 Qe8 15.Rd1 Bc8
16.h3 Nh6 17.g4 a6 18.Bg2 Ng8 19.O-O a5 20.Rd2 h6 21.Be3 g5 22.Bxc5 b4 23.Qc7
{#r} 1-0

[Event "It (open) (b)"]
[Site "masterchessopen.com Balatonlelle (Hungary)"]
[Date "2006.06.25"]
[Round "9"]
[White "Habiger Gerhard (SUI)"]
[Black "Bogar Peter"]
[Result "1-0"]
[WhiteElo "1875"]
[BlackElo "1744"]

1.d4 Nf6 2.Nf3 g6 3.c4 Bg7 4.Nc3 d5 5.Bg5 c5 6.Bxf6 Bxf6 7.cxd5 Nd7 8.e4 cxd4
9.Nxd4 Nc5 10.Bc4 O-O 11.O-O e6 12.Re1 exd5 13.Bxd5 Bxd4 14.Qxd4 Ne6 15.Qe3
Re8 16.Rad1 Qf6 17.Rd2 Nf4 18.Bb3 Qg5 19.g3 Nh3+ 20.Kg2 Qh5 21.Nd5 Qe5 22.f4
Qd6 23.Qc3 {#r} 1-0

[Event "Tournament (juniors)"]
[Site "masterchessopen.com Lublin (Poland)"]
[Date "2006.07.09"]
[Round "2"]
[White "Scibior Adam (POL)"]
[Black "Statucki Maciej (POL)"]
[Result "1-0"]
[WhiteElo "2020"]
[BlackElo "1801"]

1.d4 Nf6 2.Nf3 g6 3.c4 Bg7 4.Nc3 d5 5.Bg5 Ne4 6.cxd5 Nxc3 7.bxc3 Qxd5 8.Bf4 c5
9.e3 Nc6 10.Be2 O-O 11.O-O Bf5 12.Nd2 cxd4 13.Bf3 Qd7 14.cxd4 Bd3 15.Re1 Rfe8
16.Nb3 Bc4 17.Nc5 Qc8 18.Rc1 Bxa2 19.Qa4 Be6 20.d5 Bxd5 21.Bxd5 e6 22.Nxb7
{#r} 1-0

[Event "Memorial Izmailov (open)"]
[Site "masterchessopen.com Tomsk (Russia)"]
[Date "2006.07.16"]
[Round "5"]
[White "Tregubov Alexey (RUS)"]
[Black "Gajsin Evgenij (RUS)"]
[Result "0-1"]
[WhiteElo "2294"]
[BlackElo "2456"]

1.d4 Nf6 2.c4 g6 3.Nc3 d5 4.Nf3 Bg7 5.Bg5 dxc4 6.e3 Be6 7.Nd2 Nd5 8.Qa4+ c6
9.Qa3 b5 10.Nce4 Nd7 11.Nc5 b4 12.Qa4 Nxc5 13.dxc5 Bxb2 14.Rb1 Nc3 15.Qxc6+
Bd7 16.Qf3 Nxb1 17.Bxc4 O-O 18.Nxb1 Rc8 19.Bh6 Rxc5 {#R} 0-1

[Event "Ch MinPros (b)"]
[Site "masterchessopen.com Nizhnij Novgorod (Russia)"]
[Round "0"]
[White "Nesterov Dmitry (RUS)"]
[Black "Malyshev Nikita (RUS)"]
[Result "1-0"]
[WhiteElo "1994"]
[BlackElo "1824"]

1.d4 Nf6 2.Nf3 g6 3.c4 Bg7 4.Nc3 d5 5.Bg5 Ne4 6.cxd5 Nxc3 7.bxc3 Qxd5 8.Qb3
Be6 9.Qxd5 Bxd5 10.e3 a6 11.Bd3 b5 12.O-O e6 13.a4 bxa4 14.Rxa4 O-O 15.Rfa1
Bb7 16.Bf4 Rc8 17.h3 Bc6 18.Ra5 Bb7 19.Be2 Nc6 20.R5a4 a5 21.Bb5 Na7 22.Bd7
Rd8 23.Rxa5 Rxd7 24.Rxa7 Rxa7 25.Rxa7 Bd5 26.Rxc7 {#r} 1-0

[Event "It (open)"]
[Site "masterchessopen.com Tatranske Zruby (Slovakia)"]
[Date "2006.09.25"]
[Round "3"]
[White "Belunek Vladimir (CZE)"]
[Black "Palas Ales (CZE)"]
[Result "1-0"]
[WhiteElo "2246"]
[BlackElo "2073"]

1.d4 Nf6 2.c4 g6 3.Nc3 d5 4.Nf3 Bg7 5.Bg5 Ne4 6.Bh4 Nxc3 7.bxc3 c5 8.e3 Nc6
9.cxd5 Qxd5 10.Be2 O-O 11.O-O cxd4 12.cxd4 b6 13.Qa4 Bb7 14.Rac1 Rfe8 15.Bc4
Qd6 16.Ng5 Nd8 17.Qxe8+ Bf8 18.Nxf7 {#r} 1-0

[Event "Memorial M.Chigorin (open) ( b)"]
[Site "masterchessopen.com St. Petersburg (Russia)"]
[Date "2006.10.25"]
[Round "4"]
[White "Duhayon Yves (BEL)"]
[Black "Bortsova Tatiana (RUS)"]
[Result "1-0"]
[WhiteElo "2222"]
[BlackElo "2091"]

1.d4 Nf6 2.c4 g6 3.Nc3 d5 4.Nf3 Bg7 5.Bg5 Ne4 6.Qc1 Nxg5 7.Qxg5 dxc4 8.e4 h6
9.Qg3 Qd6 10.e5 Qb4 11.O-O-O Na6 12.a3 Qa5 13.Bxc4 e6 14.d5 exd5 15.Rxd5 c5
16.Rd6 g5 17.Nxg5 hxg5 18.Qxg5 Bh6 19.Rxh6 Rxh6 20.Qxh6 Nc7 21.Rd1 Be6 22.Qh8+
Ke7 23.Qf6+ Ke8 24.Bxe6 fxe6 25.Ne4 Qa4 26.Qh8+ Kf7 27.Rd7+ {#r} 1-0

[Event "It (open)"]
[Site "masterchessopen.com Le Touquet (France)"]
[Round "5"]
[White "Dehesdin Wilfried (FRA)"]
[Black "Platel Alexandre (FRA)"]
[Result "0-1"]
[WhiteElo "2096"]
[BlackElo "2161"]

1.d4 Nf6 2.c4 g6 3.Nc3 d5 4.Nf3 Bg7 5.Bg5 Ne4 6.cxd5 Nxg5 7.Nxg5 e6 8.Qd2 h6
9.Nf3 exd5 10.Qe3+ Be6 11.Ne5 Qd6 12.g3 O-O 13.Bg2 c5 14.Nf3 Qb6 15.Qd2 cxd4
16.Na4 Qb5 {#R} 0-1

[Event "Landesliga 2006/07"]
[Site "masterchessopen.com Mecklenburg-Vorpommern (Germany)"]
[Date "2006.12.10"]
[Round "4"]
[White "Roehl Rainer (GER)"]
[Black "Pentzien Volker (GER)"]
[Result "1-0"]
[WhiteElo "2168"]
[BlackElo "1923"]

1.d4 Nf6 2.Nf3 g6 3.c4 Bg7 4.Nc3 d5 5.Bg5 O-O 6.Bxf6 Bxf6 7.Nxd5 Bg7 8.e3 Bg4
9.Nc3 e5 10.dxe5 Qe7 11.Be2 Rd8 12.Qb3 Nc6 13.Nd5 Qc5 14.Nf6+ Kh8 15.Nxg4 {#r}
1-0

[Event "It (open)"]
[Site "masterchessopen.com Montigny le Bretonneux (France)"]
[Date "2006.12.27"]
[Round "2"]
[White "Legky Nikolay A (UKR)"]
[Black "Claisse Patrick (FRA)"]
[Result "1-0"]
[WhiteElo "2464"]
[BlackElo "1980"]

1.d4 Nf6 2.c4 g6 3.Nc3 d5 4.Nf3 Bg7 5.Bg5 Ne4 6.cxd5 Nxc3 7.bxc3 Qxd5 8.Qb3
Qxb3 9.axb3 c5 10.e3 Nc6 11.Bb5 Bd7 12.O-O e6 13.dxc5 Bxc3 14.Rac1 Bg7 15.Rfd1
Ne5 16.Rxd7 Nxd7 17.Rd1 O-O 18.Bxd7 e5 19.Be7 Rfb8 20.c6 {#r} 1-0

[Event "Ch Mineiro"]
[Site "masterchessopen.com Varginha (Brazil)"]
[Date "2007.01.15"]
[Round "5"]
[White "Batista Gerson P (BRA)"]
[Black "Castelo Branco Nelson"]
[Result "1-0"]
[WhiteElo "2210"]
[BlackElo "2153"]

1.d4 Nf6 2.c4 g6 3.Nc3 d5 4.Nf3 Bg7 5.Bg5 c6 6.e3 O-O 7.Bd3 Bg4 8.Bxf6 Bxf6
9.cxd5 cxd5 10.h3 Bxf3 11.Qxf3 e6 12.O-O Nc6 13.Rac1 Kg7 14.Bb1 Qa5 15.a3 Rac8
16.Qd1 Ne7 17.Qb3 a6 18.Na4 Rxc1 19.Rxc1 b5 20.Nc5 Rc8 21.Qd3 Nf5 22.Nxe6+
fxe6 23.Rxc8 {#r} 1-0